[Event "Ottawa EOCA op"]
[Site "Ottawa"]
[Date "2023.03.05"]
[Round "5"]
[White "Voloaca, Mihnea"]
[Black "Wang, Derek"]
[Result "1/2-1/2"]
[WhiteElo "2321"]
[BlackElo "2013"]
[PlyCount "137"]
[EventDate "2023.03.03"]
[EventType "swiss"]
[EventRounds "5"]
[EventCountry "CAN"]
[SourceTitle "CBM 213 Extra"]
[Source "ChessBase"]
[SourceDate "2023.05.31"]
[SourceVersion "1"]
[SourceVersionDate "2023.05.31"]
[SourceQuality "1"]

1. d4 d5 2. c4 c6 3. cxd5 cxd5 4. Bg5 Nd7 5. Nc3 Ngf6 6. f3 e6 7. e4 Be7 8. e5 Ng8 9. Bxe7 Nxe7 10. Bb5 a6 11. Bxd7+ Bxd7 12. Nge2 Rc8 13. 0-0 Qb6 14. Qd2 Bb5 15. Rfc1 Bxe2 16. Nxe2 0-0 17. Rc3 Rxc3 18. bxc3 Rc8 19. h4 Ng6 20. h5 Nxe5 21. h6 g6 22. Qg5 Nd7 23. Qe7 Qd8 24. Qd6 Rc6 25. Qg3 f6 26. Rb1 Qc7 27. Qg4 Kf7 28. Kf2 Rb6 29. Rb3 Rxb3 30. axb3 Qh2 31. c4 dxc4 32. bxc4 Qd6 33. c5 Qd5 34. Nc3 Qc6 35. Ne4 a5 36. Nd6+ Ke7 37. Qxg6 hxg6 38. h7 Nxc5 39. h8Q Kxd6 40. dxc5+ Qxc5+ 41. Ke2 Qc2+ 42. Ke3 Qc3+ 43. Ke2 a4 44. Qb8+ Qc7 45. Qf8+ Ke5 46. f4+ Kf5 47. g4+ Kxg4 48. Qxf6 Qc2+ 49. Ke3 Qc1+ 50. Ke4 Qe1+ 51. Kd3 Qf1+ 52. Kc2 Qc4+ 53. Kb1 Qxf4 54. Qxg6+ Kf3 55. Qd3+ Qe3 56. Qf1+ Ke4 57. Qc4+ Kf5 58. Qb5+ e5 59. Qd7+ Kf4 60. Qf7+ Kg3 61. Qg6+ Kf2 62. Ka1 Qc3+ 63. Ka2 a3 64. Qf5+ Qf3 65. Qxe5 Qd3 66. Qf6+ Ke1 67. Qe7+ Kd2 68. Qxb7 Kc2 69. Qb2+ 1/2-1/2

[Event "Ottawa EOCA op"]
[Site "Ottawa"]
[Date "2023.03.04"]
[Round "2"]
[White "Voloaca, Mihnea"]
[Black "Gao, Raymond"]
[Result "0-1"]
[WhiteElo "2321"]
[BlackElo "2111"]
[PlyCount "88"]
[EventDate "2023.03.03"]
[EventType "swiss"]
[EventRounds "5"]
[EventCountry "CAN"]
[SourceTitle "CBM 213 Extra"]
[Source "ChessBase"]
[SourceDate "2023.05.31"]
[SourceVersion "1"]
[SourceVersionDate "2023.05.31"]
[SourceQuality "1"]

1. Nf3 Nf6 2. c4 g6 3. Nc3 c5 4. g3 Bg7 5. Bg2 Nc6 6. 0-0 0-0 7. d4 cxd4 8. Nxd4 d6 9. h3 Qc7 10. Ncb5 Qd7 11. e4 a6 12. Na3 Qc7 13. Be3 Rb8 14. Rc1 Nd7 15. Qd2 Nxd4 16. Bxd4 Bxd4 17. Qxd4 Qc5 18. Qd2 Ne5 19. b4 Qa7 20. c5 Bxh3 21. cxd6 Bxg2 22. Kxg2 Rfd8 23. Qd5 exd6 24. Rc7 Qb6 25. Rfc1 Rf8 26. b5 Ng4 27. R1c2 Nxf2 28. Kf3 h5 29. Rd7 Ng4 30. Rxd6 Qe3+ 31. Kg2 Qh6 32. Kf3 Rbc8 33. Qd4 Rxc2 34. Nxc2 Qc1 35. Qd1 Qb2 36. bxa6 bxa6 37. a4 Qc3+ 38. Kf4 Qe5+ 39. Kf3 Qc5 40. Qd2 Re8 41. Rd5 Qc4 42. Kg2 Qxe4+ 43. Kg1 Qxa4 44. Rd7 Ne5 0-1

[Event "Ottawa EOCA op"]
[Site "Ottawa"]
[Date "2023.03.04"]
[Round "4"]
[White "Voloaca, Mihnea"]
[Black "Latreille, Etienne"]
[Result "0-1"]
[WhiteElo "2321"]
[BlackElo "2178"]
[PlyCount "122"]
[EventDate "2023.03.03"]
[EventType "swiss"]
[EventRounds "5"]
[EventCountry "CAN"]
[SourceTitle "CBM 213 Extra"]
[Source "ChessBase"]
[SourceDate "2023.05.31"]
[SourceVersion "1"]
[SourceVersionDate "2023.05.31"]
[SourceQuality "1"]

1. d4 d5 2. c4 c6 3. cxd5 cxd5 4. Bg5 h6 5. Bh4 Qb6 6. Nc3 Qxb2 7. Nxd5 Bf5 8. e4 Bxe4 9. Nc7+ Kd7 10. Nxa8 e6 11. a3 Nc6 12. Qc1 Bxa3 13. Qxb2 Bxb2 14. Rd1 Nf6 15. Nb6+ axb6 16. Bxf6 Bc3+ 17. Ke2 gxf6 18. Ke3 Bc2 19. Rc1 Bxd4+ 20. Kd2 Bg6 21. Nh3 Ra8 22. Bd3 e5 23. Rhd1 Bxd3 24. Kxd3 b5 25. f4 Ra3+ 26. Ke4 Ke6 27. f5+ Kd6 28. Rd3 Rxd3 29. Kxd3 Kd5 30. Rf1 b4 31. Nf2 b3 32. Ng4 Nb4+ 33. Kd2 b2 34. Nxh6 Kc4 35. Nxf7 Kb3 36. h4 Nd5 37. Rb1 Ka2 38. Rxb2+ Kxb2 39. Nd6 b6 40. h5 Bc5 41. Nc4+ Kb3 42. h6 Bf8 43. h7 Bg7 44. Nd6 Kb4 45. g4 Kc5 46. Nf7 Kd4 47. g5 fxg5 48. Nxg5 Bf6 49. Nf7 Ke4 50. h8Q Bxh8 51. Nxh8 Kxf5 52. Nf7 Kf4 53. Nd6 e4 54. Ke2 Ke5 55. Nc4+ Kd4 56. Nd6 Nc3+ 57. Kd2 e3+ 58. Kc2 Nd5 59. Nb5+ Ke4 60. Kd1 Kd3 61. Nd6 Nb4 0-1

[Event "Canadian op U2400"]
[Site "Montreal"]
[Date "2014.07.25"]
[Round "8"]
[White "Voloaca, Mihnea"]
[Black "Turcotte, Jonathan"]
[Result "1-0"]
[WhiteElo "2227"]
[BlackElo "1971"]
[PlyCount "73"]
[EventDate "2014.07.19"]
[EventType "swiss"]
[EventRounds "9"]
[EventCountry "CAN"]
[SourceTitle "EXT 2022"]
[Source "ChessBase"]
[SourceDate "2021.10.06"]
[SourceVersion "1"]
[SourceVersionDate "2021.10.06"]
[SourceQuality "1"]

1. d4 d5 2. c4 c6 3. Nf3 Nf6 4. e3 Bf5 5. Qb3 Qb6 6. c5 Qc7 7. Nh4 Bg6 8. Nd2 Nbd7 9. Qc3 e5 10. b4 a6 11. g3 Be7 12. Bg2 exd4 13. exd4 0-0 14. Nxg6 hxg6 15. 0-0 Rfe8 16. Nb3 Nf8 17. Bf4 Qd7 18. Rfe1 Nh5 19. Be3 g5 20. Qd2 g4 21. Qd1 f5 22. h3 Nf6 23. hxg4 Nxg4 24. Bd2 Nf6 25. Bh3 g6 26. Bf4 Ne6 27. Be5 Ng5 28. Bg2 Nf7 29. Bf4 g5 30. Be5 Kg7 31. Qd3 Nxe5 32. dxe5 Ne4 33. Nd4 Kg6 34. g4 fxg4 35. Rxe4 dxe4 36. Bxe4+ Kf7 37. e6+ 1-0

[Event "Canadian op U2400"]
[Site "Montreal"]
[Date "2014.07.24"]
[Round "7"]
[White "Tremblay, Alain"]
[Black "Voloaca, Mihnea"]
[Result "0-1"]
[WhiteElo "2045"]
[BlackElo "2018"]
[PlyCount "84"]
[EventDate "2014.07.19"]
[EventType "swiss"]
[EventRounds "9"]
[EventCountry "CAN"]
[SourceTitle "EXT 2022"]
[Source "ChessBase"]
[SourceDate "2021.10.06"]
[SourceVersion "1"]
[SourceVersionDate "2021.10.06"]
[SourceQuality "1"]

1. d4 Nf6 2. Nc3 d5 3. Bg5 Nbd7 4. Nf3 h6 5. Bh4 c6 6. e3 Qa5 7. Bd3 e6 8. a3 c5 9. Bxf6 Nxf6 10. dxc5 Qxc5 11. Bb5+ Bd7 12. Bxd7+ Nxd7 13. 0-0 Nf6 14. Qd3 Rd8 15. Rfd1 Be7 16. Na4 Qa5 17. Qb3 b5 18. Nc3 a6 19. a4 b4 20. Ne2 0-0 21. c3 bxc3 22. Qxc3 Qxc3 23. Nxc3 Rb8 24. Rab1 Rfc8 25. Rdc1 Rc7 26. Ne1 Bd6 27. Nd3 Ng4 28. h3 Ne5 29. Nxe5 Bxe5 30. Nd1 Rxc1 31. Rxc1 Rb4 32. Ra1 Bxb2 33. Ra2 Be5 34. Kf1 Kf8 35. Ke2 Ke7 36. Kd2 Kd6 37. Kd3 Kc5 38. f4 Bf6 39. a5 Rb3+ 40. Kd2 Rb1 41. Rc2+ Kd6 42. Nf2 Rb2 0-1

[Event "CAN-chT University"]
[Site "Montreal"]
[Date "2013.01.13"]
[Round "4"]
[White "Voloaca, Mihnea"]
[Black "Kleinman, Michael"]
[Result "1-0"]
[WhiteElo "2332"]
[BlackElo "2393"]
[PlyCount "69"]
[EventDate "2013.01.12"]
[EventType "swiss"]
[EventRounds "5"]
[EventCountry "CAN"]
[SourceTitle "EXT 2014"]
[Source "ChessBase"]
[SourceDate "2013.11.20"]
[SourceVersion "1"]
[SourceVersionDate "2013.11.20"]
[SourceQuality "1"]

1. d4 Nf6 2. c4 g6 3. Nc3 d5 4. Nf3 Bg7 5. cxd5 Nxd5 6. Bd2 0-0 7. Rc1 Nb6 8. Bg5 Be6 9. e4 Bg4 10. Be3 Nc6 11. d5 Ne5 12. h3 Bxf3 13. gxf3 c6 14. dxc6 bxc6 15. Be2 Qb8 16. b3 Rd8 17. Qc2 Qb7 18. f4 Ned7 19. h4 c5 20. Bf3 e5 21. h5 exf4 22. Bxf4 Ne5 23. Be2 c4 24. hxg6 hxg6 25. bxc4 Nbxc4 26. Nd5 Nb6 27. Qb3 Rac8 28. Rxc8 Rxc8 29. Bg5 Rc5 30. Rh4 Qd7 31. Nf6+ Bxf6 32. Bxf6 Rc1+ 33. Bd1 Qxd1+ 34. Qxd1 Nf3+ 35. Ke2 1-0

[Event "Ottawa RA Winter op2"]
[Site "Ottawa"]
[Date "2012.11.18"]
[Round "5"]
[White "Voloaca, Mihnea"]
[Black "Hambleton, Aman"]
[Result "0-1"]
[WhiteElo "2327"]
[BlackElo "2546"]
[PlyCount "104"]
[EventDate "2012.11.16"]
[EventType "swiss"]
[EventRounds "5"]
[EventCountry "CAN"]
[SourceTitle "EXT 2022"]
[Source "ChessBase"]
[SourceDate "2021.10.06"]
[SourceVersion "1"]
[SourceVersionDate "2021.10.06"]
[SourceQuality "1"]

1. c4 c5 2. Nc3 b6 3. Nf3 Bb7 4. e4 e6 5. g3 Nf6 6. d3 Nc6 7. Bg2 Be7 8. 0-0 d6 9. a3 0-0 10. Re1 Nd7 11. d4 cxd4 12. Nxd4 Nxd4 13. Qxd4 a6 14. Be3 Rc8 15. Rac1 Qc7 16. a4 Nc5 17. Qd1 Bf6 18. Bf4 Be5 19. Bg5 h6 20. Be3 Bc6 21. b4 Bxc3 22. Rxc3 Nxa4 23. Rc1 Qd7 24. Qg4 e5 25. Qh5 Qe7 26. Re2 b5 27. Rec2 Bd7 28. Bf1 Rfd8 29. Bd3 Qe8 30. Qh4 Kh7 31. f4 f6 32. f5 Rc7 33. cxb5 Rxc2 34. Rxc2 Bxb5 35. Rc7 Rd7 36. Bxb5 axb5 37. Rc2 Qf7 38. Qg4 d5 39. exd5 Rxd5 40. Rc7 h5 41. Qe2 Qe8 42. Qf3 e4 43. Qf4 Rd7 44. Rxd7 Qxd7 45. Qxe4 Qd1+ 46. Kg2 Qe2+ 47. Kh3 Nc3 48. Qe6 Qf1+ 49. Kh4 Qf3 50. Kh3 Ne4 51. Qb6 Qf1+ 52. Kh4 Qxf5 0-1

[Event "Quebec-ch op"]
[Site "Montreal"]
[Date "2011.07.25"]
[Round "4"]
[White "Kleinman, Michael"]
[Black "Voloaca, Mihnea"]
[Result "1/2-1/2"]
[WhiteElo "2221"]
[BlackElo "2236"]
[PlyCount "151"]
[EventDate "2011.07.23"]
[EventType "swiss"]
[EventRounds "9"]
[EventCountry "CAN"]
[SourceTitle "CBM 143 Extra"]
[Source "ChessBase"]
[SourceDate "2011.08.29"]
[SourceVersion "1"]
[SourceVersionDate "2011.08.29"]
[SourceQuality "1"]

1. e4 e6 2. d4 d5 3. Nd2 Be7 4. Ngf3 Nf6 5. e5 Nfd7 6. Bd3 c5 7. c3 Nc6 8. 0-0 g5 9. dxc5 g4 10. Nd4 Ndxe5 11. Bb5 Bd7 12. f4 Nxd4 13. Bxd7+ Qxd7 14. cxd4 Nc6 15. Nb1 Bf6 16. Be3 Ne7 17. Nc3 Nf5 18. Qd3 0-0 19. Rac1 Kh8 20. Rc2 b6 21. Ne2 bxc5 22. dxc5 Rfc8 23. Bd4 Nxd4 24. Nxd4 Qa4 25. Nb5 Rab8 26. Nd6 Rxc5 27. Rxc5 Qd4+ 28. Qxd4 Bxd4+ 29. Kh1 Bxc5 30. Nxf7+ Kg8 31. Nh6+ Kg7 32. Nxg4 Rxb2 33. a4 Ra2 34. g3 Rxa4 35. Kg2 Ra2+ 36. Kh3 a5 37. Rc1 Bd4 38. Rc6 h5 39. Ne5 Kf6 40. Nf3 Bb2 41. Ng5 Kf5 42. Rxe6 Bf6 43. Rd6 Rd2 44. Nf3 Rd3 45. Ne1 Rd2 46. Ng2 Bc3 47. Ne3+ Ke4 48. Re6+ Kf3 49. f5 Bd4 50. f6 Bxe3 51. f7 Bc5 52. Rc6 Bb4 53. Rb6 Bc5 54. Rc6 Bb4 55. Rh6 Bf8 56. Rh8 Bd6 57. Rh6 Ke4 58. Rxd6 Rf2 59. Re6+ Kd3 60. Ra6 Rxf7 61. Rxa5 Ke4 62. Kh4 Rf5 63. h3 d4 64. Ra1 d3 65. g4 hxg4 66. hxg4 Rf2 67. Kg5 d2 68. Rd1 Re2 69. Kf6 Kf4 70. g5 Ke3 71. Kf7 Rf2+ 72. Ke7 Rg2 73. Kf6 Ke2 74. Rxd2+ Kxd2 75. g6 Rxg6+ 76. Kxg6 1/2-1/2

[Event "Montreal Oasis op"]
[Site "Montreal"]
[Date "2011.02.27"]
[Round "4"]
[White "Voloaca, Mihnea"]
[Black "Zhu, Hong Rui"]
[Result "1-0"]
[WhiteElo "2325"]
[BlackElo "2042"]
[PlyCount "71"]
[EventDate "2011.02.25"]
[EventType "swiss"]
[EventRounds "5"]
[EventCountry "CAN"]
[SourceTitle "EXT 2013"]
[Source "ChessBase"]
[SourceDate "2012.11.22"]
[SourceVersion "1"]
[SourceVersionDate "2012.11.22"]
[SourceQuality "1"]

1. d4 d5 2. c4 e6 3. Nc3 Be7 4. Nf3 Nf6 5. Bg5 0-0 6. e3 Nbd7 7. Rc1 a6 8. c5 b6 9. b4 a5 10. c6 axb4 11. cxd7 bxc3 12. dxc8Q Qxc8 13. Bxf6 gxf6 14. Rc2 Bb4 15. Qb1 c5 16. Bb5 Ra3 17. 0-0 Qa8 18. Re1 Qa5 19. Bf1 Ra8 20. Ree2 c4 21. Qc1 f5 22. Ne5 f6 23. Nc6 Qa4 24. Nxb4 Qxb4 25. g4 Qe7 26. gxf5 exf5 27. Bh3 Qe4 28. f3 Qxf3 29. Bg2 Qg4 30. Kf1 R3a5 31. Bxd5+ Kh8 32. Rg2 Qh3 33. Bxa8 Rxa8 34. Qe1 Rg8 35. Kg1 Re8 36. Qg3 1-0

[Event "CAN-ch Post-Secondary A"]
[Site "Waterloo"]
[Date "2011.01.16"]
[Round "3.1"]
[White "Farine, Jonathan"]
[Black "Voloaca, Mihnea"]
[Result "1/2-1/2"]
[WhiteElo "1891"]
[BlackElo "2338"]
[PlyCount "93"]
[EventDate "2011.01.15"]
[EventType "swiss"]
[EventRounds "4"]
[EventCountry "CAN"]
[SourceTitle "EXT 2022"]
[Source "ChessBase"]
[SourceDate "2021.10.06"]
[SourceVersion "1"]
[SourceVersionDate "2021.10.06"]
[SourceQuality "1"]

1. e4 e5 2. Nf3 Nc6 3. Bc4 Bc5 4. 0-0 Nf6 5. d4 exd4 6. e5 d5 7. exf6 dxc4 8. Re1+ Be6 9. Ng5 Qd5 10. Nc3 Qf5 11. Nce4 0-0-0 12. g4 Qe5 13. Nxe6 fxe6 14. Bg5 Bb4 15. fxg7 Qxg7 16. Bf6 Qg6 17. Bxd8 Rxd8 18. Re2 Qxg4+ 19. Ng3 Qg6 20. Re4 Rg8 21. Qe2 Kd7 22. Kh1 b5 23. a4 a6 24. axb5 axb5 25. Ra6 Bd6 26. b3 Nb4 27. Rxd6+ cxd6 28. bxc4 e5 29. c5 dxc5 30. Rxe5 Qc6+ 31. Kg1 Rg7 32. Qh5 Qg6 33. Qxg6 Rxg6 34. Rxc5 Rc6 35. Rxb5 Nxc2 36. Rb7+ Rc7 37. Rxc7+ Kxc7 38. Kf1 d3 39. Nh5 Nd4 40. Ke1 Nf3+ 41. Kd1 Kd6 42. Nf4 d2 43. Ng2 Ke5 44. Ne3 Kf4 45. Nc4 Nxh2 46. Nxd2 Nf3 47. Nxf3 1/2-1/2

[Event "Mauricie op"]
[Site "Trois Rivieres"]
[Date "2009.03.22"]
[Round "4"]
[White "Voloaca, Mihnea"]
[Black "Laptos, Krzysztof"]
[Result "0-1"]
[WhiteElo "2346"]
[BlackElo "2181"]
[PlyCount "120"]
[EventDate "2009.03.20"]
[EventType "swiss"]
[EventRounds "5"]
[EventCountry "CAN"]
[SourceTitle "EXT 2011"]
[Source "ChessBase"]
[SourceDate "2010.11.26"]
[SourceVersion "1"]
[SourceVersionDate "2010.11.26"]
[SourceQuality "1"]

1. Nf3 d6 2. d4 g6 3. e4 Bg7 4. Bc4 e6 5. Bg5 Ne7 6. Qd2 h6 7. Be3 Nd7 8. Nc3 a6 9. a4 b6 10. h4 Bb7 11. Ba2 Nf6 12. Qd3 Nc6 13. Qd2 Ne7 14. d5 e5 15. Nh2 Bc8 16. f3 Nh5 17. g4 Nf4 18. Bxf4 exf4 19. 0-0-0 g5 20. Nf1 Ng6 21. hxg5 hxg5 22. Rxh8+ Bxh8 23. Ne2 Bd7 24. Bb3 Qf6 25. c3 b5 26. axb5 axb5 27. Nd4 b4 28. Qe2 bxc3 29. bxc3 Ne5 30. Nd2 Qd8 31. Kb2 Qb8 32. Ra1 Rxa1 33. Kxa1 Qb6 34. Kb2 Qc5 35. Qa6 Ke7 36. Kc2 Ng6 37. Nc6+ Bxc6 38. Qxc6 Qxc6 39. dxc6 Ne5 40. Bd5 Ng6 41. Nf1 Be5 42. Nh2 f6 43. Kd3 Nh4 44. Bb3 Kd8 45. Be6 Ke7 46. Bd7 Kf7 47. Bf5 d5 48. c4 dxe4+ 49. Kxe4 Ke7 50. c5 Bd4 51. Nf1 Bxc5 52. Nd2 Kd6 53. Bd7 f5+ 54. Kd3 Kd5 55. Ke2 Bb4 56. Nb3 Ke5 57. Nc1 Kf6 58. Nd3 Bd6 59. Nb2 Ng6 60. Nc4 Bc5 0-1

[Event "Mauricie op"]
[Site "Trois Rivieres"]
[Date "2009.03.21"]
[Round "3"]
[White "Sambuev, Bator"]
[Black "Voloaca, Mihnea"]
[Result "1-0"]
[WhiteElo "2495"]
[BlackElo "2346"]
[PlyCount "81"]
[EventDate "2009.03.20"]
[EventType "swiss"]
[EventRounds "5"]
[EventCountry "CAN"]
[SourceTitle "EXT 2011"]
[Source "ChessBase"]
[SourceDate "2010.11.26"]
[SourceVersion "1"]
[SourceVersionDate "2010.11.26"]
[SourceQuality "1"]

1. Nf3 d5 2. c4 e6 3. d4 c6 4. Qc2 Nd7 5. g3 Ngf6 6. Bg2 Be7 7. 0-0 0-0 8. b3 b6 9. Bb2 Ba6 10. Nbd2 c5 11. dxc5 bxc5 12. e3 Rc8 13. Rfd1 Qc7 14. Rac1 Rfd8 15. Qb1 Bb7 16. Qa1 a5 17. cxd5 exd5 18. Nd4 Qb6 19. Nf5 Bf8 20. Nf3 Re8 21. Ne5 g6 22. Nxd7 Nxd7 23. Nh4 Qe6 24. Nf3 h6 25. Ne1 a4 26. Nd3 g5 27. Qb1 axb3 28. axb3 Rb8 29. Ba1 Rec8 30. Qb2 f6 31. Qc2 Ba8 32. Ne1 Rd8 33. Qg6+ Bg7 34. Nd3 Rbc8 35. h4 Nf8 36. Qh5 c4 37. hxg5 cxd3 38. Rxc8 Rxc8 39. gxh6 Bh8 40. Bh3 Qe4 41. Bxc8 1-0

[Event "Mauricie op"]
[Site "Trois Rivieres"]
[Date "2008.03.30"]
[Round "5"]
[White "Hebert, Jean"]
[Black "Voloaca, Mihnea"]
[Result "0-1"]
[WhiteElo "2424"]
[BlackElo "2317"]
[PlyCount "212"]
[EventDate "2008.03.28"]
[EventType "swiss"]
[EventRounds "5"]
[EventCountry "CAN"]
[SourceTitle "EXT 2011"]
[Source "ChessBase"]
[SourceDate "2010.11.26"]
[SourceVersion "1"]
[SourceVersionDate "2010.11.26"]
[SourceQuality "1"]

1. d4 d5 2. c4 e6 3. Nf3 c6 4. Qc2 dxc4 5. Qxc4 b5 6. Qc2 Bb7 7. a4 Nd7 8. e3 Rc8 9. Qd1 a6 10. axb5 cxb5 11. Bd3 Ngf6 12. 0-0 Bd6 13. Nc3 0-0 14. h3 e5 15. Ng5 Bb8 16. dxe5 Nxe5 17. Bf5 Qc7 18. f4 Rcd8 19. Qe2 Nc4 20. Nce4 Bxe4 21. Nxe4 Nxe4 22. Bxe4 Rfe8 23. Qc2 Nxe3 24. Bxh7+ Kf8 25. Bxe3 Qxc2 26. Bxc2 Rxe3 27. Rf2 Ba7 28. Kf1 Rde8 29. Rd1 R3e6 30. Rfd2 Be3 31. Re2 Bxf4 32. Rxe6 Rxe6 33. Re1 Rf6 34. Ke2 Bg3 35. Rf1 Re6+ 36. Kd2 Be5 37. Kc1 Bf6 38. Bd3 Re3 39. Rf3 Re1+ 40. Kc2 Rg1 41. Rf2 Ra1 42. Re2 Ra4 43. Be4 Rc4+ 44. Kb1 g6 45. Bb7 a5 46. Rc2 Rb4 47. Bc6 a4 48. Ka2 Be5 49. Rd2 f6 50. Bf3 Ke7 51. Bd1 Bd4 52. b3 axb3+ 53. Bxb3 Be5 54. Bd5 Bc3 55. Re2+ Kd6 56. Bf7 g5 57. Rc2 Bd4 58. Bb3 Be5 59. Rd2+ Kc5 60. Rd5+ Kb6 61. Rd2 Ka5 62. Bd5 Rf4 63. Bf3 Rc4 64. Kb1 Rb4+ 65. Ka2 Rf4 66. Kb3 Kb6 67. Rd5 Ka5 68. Rd2 Rc4 69. Ra2+ Kb6 70. Rc2 Rd4 71. Be2 Re4 72. Bd3 Re3 73. Rd2 Kc5 74. Kc2 Rg3 75. Be4 Rc3+ 76. Kb1 Re3 77. Bf3 Kb4 78. Re2 Ra3 79. Kc2 Rc3+ 80. Kb1 Ra3 81. Re4+ Kc5 82. Re2 Ra1+ 83. Kc2 b4 84. Re3 Ra2+ 85. Kd1 Bc3 86. Rd3 Rf2 87. Rd5+ Kc4 88. Rd8 Kb3 89. Ra8 Kb2 90. Rd8 b3 91. Rd3 Rc2 92. Rd7 Be5 93. Rd3 Rc4 94. Bd5 Rc1+ 95. Ke2 Bc3 96. Rd1 Rc2+ 97. Kf3 Be5 98. Rd3 Bc3 99. Rd1 Bd2 100. Ke4 Kc3 101. Bxb3 Kxb3 102. Kf5 Bc3 103. g4 Rf2+ 104. Kg6 Rh2 105. Rd3 Kc4 106. Rf3 Be5 0-1

[Event "Mauricie op"]
[Site "Trois Rivieres"]
[Date "2008.03.28"]
[Round "1"]
[White "Robichaud, Louis"]
[Black "Voloaca, Mihnea"]
[Result "0-1"]
[WhiteElo "2090"]
[BlackElo "2317"]
[PlyCount "73"]
[EventDate "2008.03.28"]
[EventType "swiss"]
[EventRounds "5"]
[EventCountry "CAN"]
[SourceTitle "EXT 2011"]
[Source "ChessBase"]
[SourceDate "2010.11.26"]
[SourceVersion "1"]
[SourceVersionDate "2010.11.26"]
[SourceQuality "1"]

1. e4 e5 2. Nf3 Nc6 3. Bb5 a6 4. Ba4 Nf6 5. 0-0 d6 6. Bxc6+ bxc6 7. d4 exd4 8. Qxd4 c5 9. Qd3 Be7 10. Re1 0-0 11. Nc3 Nd7 12. Bf4 Nb6 13. Rad1 Be6 14. b3 Re8 15. Ne2 c4 16. Qc3 Qc8 17. Qa5 h6 18. Nfd4 Bd7 19. Ng3 Qb7 20. Qh5 Bf8 21. f3 g6 22. Qh4 Kh7 23. Qf6 Bg7 24. Qh4 Nd5 25. Bxh6 Bxh6 26. exd5 Rxe1+ 27. Rxe1 Qxd5 28. Re7 Be8 29. c3 Kg7 30. bxc4 Qg5 31. Qe4 Kf8 32. Nge2 Rb8 33. h4 Qa5 34. Kh2 c5 35. Ra7 cxd4 36. Qxd4 Kg8 37. Qxd6 0-1

[Event "Quebec op U2300"]
[Site "Montreal"]
[Date "2007.07.25"]
[Round "6"]
[White "Larochelle, Martial"]
[Black "Voloaca, Mihnea"]
[Result "0-1"]
[WhiteElo "2231"]
[BlackElo "2267"]
[PlyCount "56"]
[EventDate "2007.07.20"]
[EventType "swiss"]
[EventRounds "9"]
[EventCountry "CAN"]
[SourceTitle "EXT 2022"]
[Source "ChessBase"]
[SourceDate "2021.10.06"]
[SourceVersion "1"]
[SourceVersionDate "2021.10.06"]
[SourceQuality "1"]

1. Nf3 d5 2. d4 Nf6 3. c4 e6 4. Nc3 Be7 5. Bg5 h6 6. Bh4 0-0 7. e3 b6 8. Rc1 Bb7 9. Bxf6 Bxf6 10. cxd5 exd5 11. b4 c6 12. Be2 a5 13. a3 Nd7 14. 0-0 Re8 15. b5 c5 16. dxc5 Nxc5 17. Nd4 Qd6 18. Bf3 Ne4 19. Nde2 Qxa3 20. Nxd5 Bxd5 21. Qxd5 Rad8 22. Qb7 Nd2 23. Bc6 Rb8 24. Qa7 Nxf1 25. Bxe8 Rxe8 26. Rxf1 Qd3 27. Nd4 Bxd4 28. Qd7 Rxe3 0-1

[Event "Quebec op U2300"]
[Site "Montreal"]
[Date "2007.07.24"]
[Round "5"]
[White "Voloaca, Mihnea"]
[Black "Robichaud, Louis"]
[Result "1/2-1/2"]
[WhiteElo "2267"]
[BlackElo "2088"]
[PlyCount "57"]
[EventDate "2007.07.20"]
[EventType "swiss"]
[EventRounds "9"]
[EventCountry "CAN"]
[SourceTitle "EXT 2022"]
[Source "ChessBase"]
[SourceDate "2021.10.06"]
[SourceVersion "1"]
[SourceVersionDate "2021.10.06"]
[SourceQuality "1"]

1. d4 Nf6 2. c4 g6 3. Nc3 Bg7 4. Nf3 0-0 5. Bg5 h6 6. Bh4 d6 7. e3 g5 8. Bg3 Nh5 9. Bd3 f5 10. Nd2 Nf6 11. Qe2 Nc6 12. d5 Nb4 13. Bb1 e5 14. dxe6 Bxe6 15. 0-0 Qd7 16. Rd1 Rad8 17. a3 Nc6 18. Qd3 Ng4 19. Nf3 Nge5 20. Bxe5 Nxe5 21. Nxe5 Bxe5 22. c5 Qf7 23. cxd6 Bxd6 24. Ba2 Bxa2 25. Nxa2 f4 26. exf4 Qxf4 27. Qg6+ Kh8 28. Qxh6+ Kg8 29. Qg6+ 1/2-1/2